Mapa de Europa con países unidos al aleatorio - Estadísticas

Estadísticas generales
  • Esta prueba ha sido intentada 12.220 veces
  • La puntuación promedio es 11 de 12
Respuestas en el mapa
Las respuestas están codificadas por una escala verde-roja en el mapa de la prueba según el % correcto abajo.
 
Estadísticas de respuestas
País % Correcto
Países Unidos España
99%
Países Unidos Francia
99%
Países Unidos Alemania
98%
Países Unidos Alemania
98%
Países Unidos Alemania
98%
Países Unidos España
98%
Países Unidos Francia
98%
Países Unidos Francia
97%
Países Unidos Italia
97%
Países Unidos Italia
97%
Países Unidos Noruega
97%
Países Unidos Polonia
97%
Países Unidos Rusia
97%
Países Unidos Suecia
97%
Países Unidos Ucrania
97%
Países Unidos Ucrania
97%
Países Unidos Ucrania
97%
Países Unidos Alemania
96%
Países Unidos Polonia
96%
Países Unidos Polonia
96%
Países Unidos Portugal
96%
Países Unidos Rusia
96%
Países Unidos Rusia
96%
Países Unidos Ucrania
96%
Países Unidos Bielorrusia
95%
Países Unidos Alemania
94%
Países Unidos Alemania
94%
Países Unidos Austria
94%
Países Unidos Bielorrusia
94%
Países Unidos Francia
94%
Países Unidos Ucrania
94%
Países Unidos Alemania
93%
Países Unidos Austria
93%
Países Unidos Bélgica
93%
Países Unidos Finlandia
93%
Países Unidos Italia
93%
Países Unidos Rumania
93%
Países Unidos Ucrania
93%
Países Unidos Francia
92%
Países Unidos Letonia
92%
Países Unidos Polonia
92%
Países Unidos Polonia
92%
Países Unidos Polonia
92%
Países Unidos Rusia
92%
Países Unidos Austria
91%
Países Unidos Bielorrusia
91%
Países Unidos Bielorrusia
91%
Países Unidos Italia
91%
Países Unidos Rumania
91%
Países Unidos Suiza
91%
Países Unidos Suiza
91%
Países Unidos Austria
90%
Países Unidos Austria
90%
Países Unidos Austria
90%
Países Unidos Bélgica
90%
Países Unidos Grecia
90%
Países Unidos Letonia
90%
Países Unidos Lituania
90%
Países Unidos Países Bajos
90%
Países Unidos República Checa
90%
Países Unidos Rumania
90%
Países Unidos Rusia
90%
Países Unidos Austria
89%
Países Unidos Bélgica
89%
Países Unidos Bulgaria
89%
Países Unidos Croacia
89%
Países Unidos Rumania
89%
Países Unidos Croacia
88%
Países Unidos Estonia
88%
Países Unidos Grecia
88%
Países Unidos Hungría
88%
Países Unidos Letonia
88%
Países Unidos Lituania
88%
Países Unidos República Checa
88%
Países Unidos Suecia
88%
Países Unidos Suiza
88%
Países Unidos Suiza
88%
Países Unidos Bulgaria
87%
Países Unidos Estonia
87%
Países Unidos Finlandia
87%
Países Unidos Hungría
87%
Países Unidos Letonia
87%
Países Unidos Países Bajos
87%
Países Unidos República Checa
87%
Países Unidos Serbia
87%
Países Unidos Bulgaria
86%
Países Unidos Croacia
86%
Países Unidos Eslovaquia
86%
Países Unidos Eslovenia
86%
Países Unidos Eslovenia
86%
Países Unidos República Checa
86%
Países Unidos Serbia
86%
Países Unidos Serbia
86%
Países Unidos Serbia
86%
Países Unidos Ucrania
86%
Países Unidos Bielorrusia
85%
Países Unidos Bosnia y Herzegovina
85%
Países Unidos Hungría
85%
Países Unidos Bosnia y Herzegovina
84%
Países Unidos Eslovaquia
84%
Países Unidos Eslovaquia
84%
Países Unidos Hungría
84%
Países Unidos Rumania
84%
Países Unidos Serbia
84%
Países Unidos Eslovaquia
83%
Países Unidos Grecia
83%
Países Unidos Hungría
83%
Países Unidos Hungría
83%
Países Unidos Moldavia
83%
Países Unidos Albania
82%
Países Unidos Bulgaria
82%
Países Unidos Lituania
82%
Países Unidos Eslovaquia
81%
Países Unidos Finlandia
81%
Países Unidos Noruega
81%
Países Unidos Irlanda
80%
Países Unidos Moldavia
80%
Países Unidos Reino Unido
80%
Países Unidos Macedonia del Norte
79%
Países Unidos Albania
78%
Países Unidos Macedonia del Norte
76%
Países Unidos Croacia
75%
Países Unidos Macedonia del Norte
75%
Países Unidos Eslovenia
74%
No se encontraron pruebas coincidentes
Distribución de puntuación
Porcentaje de gente con cada puntuación
Porcentaje por número respondido
Historial de tus puntuaciones
No has intentado esta prueba.